000 00706nas a2200217 4500
001 BR5900214
003 BR-BrBNA
005 20231205082022.0
007 ta
008 230509b bl.|||p| |||| 00| 00por d
040 _aBR-BrBNA
_bpor
_cBiblioteca Nacional de Agricultura
041 _a(Pt)
072 _aH20
100 1 _aSantos, A.C.K. dos
245 1 _aA tuberculose da oliveira: futuro problema da olivicultura Riograndense (danos, controle, legislacao e quarentena)[Brasil]
650 _aAZEITONA
650 _aBACTERIOSE
773 0 _tAgronomia Sulriograndense (Brazil)
_xISSN 0400-8111
_g(1960), v. 5(1) p. 89-133
_wBR5900214
909 _a202311
_bLúcia
_c55
_dLúcia Elande
942 _2AGRIS
_n0
_cANA
999 _c88596
_d88596